[Event "New Delhi Parsvnath op 10th"]
[Site "New Delhi"]
[Date "2012.01.15"]
[Round "1"]
[White "Laxman, Rajaram"]
[Black "Sarthak, Bansal"]
[Result "1-0"]
[WhiteElo "2434"]
[BlackElo "1704"]
[PlyCount "77"]
[EventDate "2012.01.15"]
[EventType "swiss"]
[EventRounds "11"]
[EventCountry "IND"]
[SourceTitle "CBM 146 Extra"]
[Source "ChessBase"]
[SourceDate "2012.02.29"]
[SourceVersion "1"]
[SourceVersionDate "2012.02.29"]
[SourceQuality "1"]

1. Nf3 d5 2. d4 Nf6 3. c4 e6 4. g3 dxc4 5. Bg2 Bb4+ 6. Bd2 Be7 7. Qa4+ c6 8. Qxc4 Nbd7 9. 0-0 0-0 10. Nc3 Bd6 11. Rad1 Qe7 12. Bg5 h6 13. Bxf6 Nxf6 14. e4 e5 15. dxe5 Bxe5 16. Nxe5 Qxe5 17. Qd4 Qh5 18. f3 Bh3 19. Bxh3 Qxh3 20. e5 Nh7 21. Qd7 Qxd7 22. Rxd7 Rab8 23. f4 Rfd8 24. Rfd1 Rxd7 25. Rxd7 Nf8 26. Re7 Ne6 27. Ne4 Kf8 28. Rd7 Ke8 29. Rxb7 Rxb7 30. Nd6+ Kd7 31. Nxb7 Nd4 32. Nc5+ Kc7 33. Kf2 Nc2 34. e6 Kd6 35. exf7 Ke7 36. Ne6 Kxf7 37. Nd8+ Kf6 38. Nxc6 a6 39. Ke2 1-0